000 00703nam a2200253Ia 4500
003 OSt
005 20221006143414.0
006 a|||||r|||| 00| 0
007 ta
008 221006b |||||||| |||| 00| 0 eng d
020 _c263.10
024 _a8,869
037 _cTextual
040 _aEASL
_cEASL
_beng
041 _2eng
_aeng
082 _aX.1:510bC84.N82, M3
100 _aKohl Wilfrid L.
_9425663
245 0 _aInternational institutions for energy management
_b An American perspective
260 _aEngland
_bGower
_c1983
300 _a132p.
_ccm.
490 _v Oth
942 _hX.1:510bC84.N82, M3
_cTEXL
_2CC
999 _c1076955
_d1076955